000
00257nam a2200097Ia 4500
001
670666
005
20250826160811.0
008
250824s9999 xx 000 0 und d
245
0
_a
Ece Yüce/Ablalar Yaramazlık Yapar mı?
_c
Gülten Dayıoğlu
260
_b
ALTIN
999
_c
670666
_d
670666